National Aquatic Resources Research & Development Agency (NARA)

National policy on conservation and sustainable utilization of mangrove ecosystems in sri lanka: (Record no. 12596)

MARC details
000 -LEADER
fixed length control field nam a22 7a 4500
003 - CONTROL NUMBER IDENTIFIER
control field OSt
005 - DATE AND TIME OF LATEST TRANSACTION
control field 20240703113559.0
008 - FIXED-LENGTH DATA ELEMENTS--GENERAL INFORMATION
fixed length control field 240510b xxu||||| |||| 00| 0 eng d
020 ## - INTERNATIONAL STANDARD BOOK NUMBER
International Standard Book Number 9789558395431
040 ## - CATALOGING SOURCE
Transcribing agency NARA
082 ## - DEWEY DECIMAL CLASSIFICATION NUMBER
Classification number SL R ME 012
100 ## - MAIN ENTRY--PERSONAL NAME
9 (RLIN) 16978
Personal name Biodiversity Secretariat
245 ## - TITLE STATEMENT
Title National policy on conservation and sustainable utilization of mangrove ecosystems in sri lanka:
Remainder of title ශ්‍රී ලංකාවේ කඩොලාන පරිසර පද්ධති සංරක්ෂණ හා තිරසාර භාවිතය පිළිබඳ වූ ජාතික ප්‍රතිපත්තිය
260 ## - PUBLISHER, DISTRIBUTION, ETC.
Place of publication, distribution, etc. Colombo:
Name of publisher, distributor, etc. Biodiversity Secretariat,
Date of publication, distribution, etc. 2020.
300 ## - PHYSICAL DESCRIPTION
Extent 10p.
Other physical details 21cm
650 #0 - SUBJECT ADDED ENTRY--TOPICAL TERM
9 (RLIN) 21681
Topical term or geographic name entry element National Policy
650 #0 - SUBJECT ADDED ENTRY--TOPICAL TERM
9 (RLIN) 21733
Topical term or geographic name entry element Sustainable Utilization
650 #0 - SUBJECT ADDED ENTRY--TOPICAL TERM
9 (RLIN) 447
Topical term or geographic name entry element Conservation
650 #0 - SUBJECT ADDED ENTRY--TOPICAL TERM
9 (RLIN) 15183
Topical term or geographic name entry element Mangrove Ecosystems
942 ## - ADDED ENTRY ELEMENTS (KOHA)
Source of classification or shelving scheme Dewey Decimal Classification
Koha item type Sri Lanka Collection - Reports
Holdings
Withdrawn status Lost status Source of classification or shelving scheme Damaged status Not for loan Home library Current library Shelving location Date acquired Inventory number Total Checkouts Full call number Barcode Date last seen Copy number Price effective from Koha item type
    Dewey Decimal Classification     NARA Main Library NARA Main Library Ready Reference 10.05.2024 05690   SL R ME 012 05690 10.05.2024 05690 10.05.2024 Sri Lanka Collection - Reports

NARA Library Management System Maintaining by Ceymarc Technologies